Responses for Show #5280 - Friday, July 20, 2007

2007 Teen Tournament Summer Games quarterfinal game 5.

Contestants

[<< previous game]

Rachel Gottesman, a junior from Cortlandt Manor, New York

Jeffrey Baer, a senior from Thornhill, Ontario, Canada

Lisa Ackerman, a senior from Livermore, California

[next game >>]

Jeopardy! Round responses

THE WORLD ALMANAC 2007
SPORTS TERMS
(Alex: You have to identify the sport for us.)
COLORS
STATE CAPITALS
IN THE BOOKSTORE
FOREIGN WORDS & PHRASES
    $200 16
an eclipse

Rachel
    $200 6
tennis

Jeffrey
    $200 1
green

Lisa
    $200 11
(Andrew) Jackson

Lisa
    $200 21
Moby-Dick

Jeffrey
    $200 30
voyage

Lisa
    $400 17
(Alex: Even though they keep [makes pecking motion with his head]. It's the [*].)

woodpeckers

Triple Stumper
    $400 7
soccer

Rachel
    $400 2
cream

Jeffrey
    $400 12
Topeka

Rachel
    $400 22
Wisconsin

Rachel
    $400 29
shoes

Lisa
    $600 18
(Rachel: Who is Harry Potter?)
(Jeffrey: Who is Daniel Radcliffe?)
(Lisa: Who is Prince William?)
(Alex: No, it's his younger brother, [*].)

Prince Harry

LisaJeffreyRachel
Triple Stumper
    $600 8
golf

Lisa
    $600 3
white

Lisa
    $600 13
Carson City

Lisa
    $600 23
Anne Rice

Lisa
    $600 28
al dente

Rachel
    $800 19
zebra

Rachel
    $800 9
football

Jeffrey
    $800 4
purple

Lisa
    $800 14
Phoenix

Jeffrey
    $800 24
(Jeffrey: What is scarlet?)

yellow fever

LisaJeffrey
    $800 27
the Autobahn

Lisa
    $1000 20
"Support our troops."

Lisa
    $1000 10
archery

Lisa
    $1000 5
blue

Rachel
    $2,200 15
Montpelier

Jeffrey
    $1000 25
(Lisa: What is Japan?)

China

LisaRachel
    $1000 26
carpe diem

Lisa

Scores at the first commercial break (after clue 15):

Lisa Jeffrey Rachel
$4,000 $4,400 $1,800

Scores at the end of the Jeopardy! Round:

Lisa Jeffrey Rachel
$7,200 $3,200 $4,200

Double Jeopardy! Round responses

SCIENCE
ANNUAL EVENTS
WAY BACK IN THE 1990s
FAMOUS CANADIANS
NOW WE'RE IN BUSINESS!
CROSSWORD CLUES "D"
(Alex: Each correct response will begin with that letter. I'll tell you how many letters in the word.)
    $400 4
absolute zero

Jeffrey
    $400 24
(Lisa: What is Arbor Day?)

Earth Day

LisaJeffrey
    $400 7
Hong Kong

Jeffrey
    $400 1
World War I

Jeffrey
    $400 17
Subway

Lisa
    $400 12
the decathlon

Rachel
    $800 5
a lightning storm

Rachel
    $800 27
Graceland

Lisa
    $800 8
Ginsburg

Lisa
    $800 2
(Alex: Co-host on [*] on Sunday evenings.)

60 Minutes

Triple Stumper
    $800 18
(Lisa: What is Enron?)

Microsoft

LisaJeffrey
    $800 13
to devour

Lisa
    $1200 6
(Rachel: What is a zygote?)

a germ cell

LisaRachel
    $1200 28
Palm Sunday

Lisa
    $1200 9
Venezuela

Rachel
    $1200 3
cruisers (or ships)

Rachel
    $1200 19
Aflac

Jeffrey
    $1200 14
devout

Lisa
    $2,021 10
a mole

Rachel
    $1600 29
Labor Day

Jeffrey
    $2,000 22
Czechoslovakia

Lisa
    $1600 26
Java

Jeffrey
    $1600 20
Sprint

Lisa
    $1600 15
the Danube

Jeffrey
    $2000 11
hafnium

Rachel
    $2000 30
(Rachel: What is January?)
...
(Alex: First Monday in [*]. Famous for that.)

October

Rachel
Triple Stumper
    $2000 23
Jordan

Rachel
    $2000 25
insulin

Jeffrey
    $2000 21
(Rachel: What is U-Haul?)

UPS

LisaRachel
    $2000 16
dermatology

Rachel

Scores at the end of the Double Jeopardy! Round:

Lisa Jeffrey Rachel
$18,000 $13,600 $10,621

Final Jeopardy! Round responses

17th CENTURY PEOPLE
RachelWho are the pilgrims?
$7,100
JeffreyWho are the Pilgrims
$13,600
LisaWho were the Pilgrims?
$500
the Pilgrims

Final scores:

Lisa Jeffrey Rachel
$18,500 $27,200 $17,721
2nd place: $5,000 if eliminated Automatic semifinalist 3rd place: $5,000 if eliminated

Game dynamics:

Coryat scores:

Lisa Jeffrey Rachel
$17,600 $12,400 $10,200
24 R
(including 1 DD),
4 W
16 R
(including 1 DD),
2 W
16 R
(including 1 DD),
4 W

Combined Coryat: $40,200

[game clues] [game scores] [suggest correction]

Game tape date: 2007-03-12
The J! Archive is created by fans, for fans. Scraping, republication, monetization, and malicious use prohibited; this site may use cookies and collect identifying information. See terms. The Jeopardy! game show and all elements thereof, including but not limited to copyright and trademark thereto, are the property of Jeopardy Productions, Inc. and are protected under law. This website is not affiliated with, sponsored by, or operated by Jeopardy Productions, Inc. Join the discussion at JBoard.tv.